Early maps of the British Isles A.D. 1000-A.D. 1579 (Record no. 116830)
[ view plain ]
| 000 -LEADER | |
|---|---|
| fixed length control field | 00715cem a22001935a 4500 |
| 001 - CONTROL NUMBER | |
| control field | L140316 |
| 008 - FIXED-LENGTH DATA ELEMENTS--GENERAL INFORMATION | |
| fixed length control field | 070917s1961 xxk a 0 feng u |
| 035 ## - SYSTEM CONTROL NUMBER | |
| System control number | (Sirsi) u140316 |
| 041 0# - LANGUAGE CODE | |
| Language code of text/sound track or separate title | eng |
| 110 2# - MAIN ENTRY--CORPORATE NAME | |
| Corporate name or jurisdiction name as entry element | Royal Geographical Society |
| 9 (RLIN) | 2520 |
| 245 ## - TITLE STATEMENT | |
| Title | Early maps of the British Isles A.D. 1000-A.D. 1579 |
| Medium | [cartographic material] |
| 255 ## - CARTOGRAPHIC MATHEMATICAL DATA | |
| Statement of scale | Scales differ |
| 260 ## - PUBLICATION, DISTRIBUTION, ETC. | |
| Place of publication, distribution, etc. | London |
| Name of publisher, distributor, etc. | Royal Geographical Society |
| Date of publication, distribution, etc. | 1961 |
| 300 ## - PHYSICAL DESCRIPTION | |
| Extent | 20 maps on 14 sheets |
| Other physical details | in folder |
| Dimensions | 32 x 47 cm. or smaller |
| 500 ## - GENERAL NOTE | |
| General note | Item consists of reproductions of 20 maps of the British Isles. |
| 651 4# - SUBJECT ADDED ENTRY--GEOGRAPHIC NAME | |
| Geographic name | Great Britain |
| Chronological subdivision | 1707- |
| 690 ## - LOCAL SUBJECT ADDED ENTRY--TOPICAL TERM (OCLC, RLIN) | |
| Topical term or geographic name as entry element | ENVIRONMENTAL AND LAND CONSULTANCY-GEOMATICS-MAPPING AND POSITIONING-CARTOGRAPHY |
| 942 ## - ADDED ENTRY ELEMENTS (KOHA) | |
| Suppress in OPAC | 0 |
| Withdrawn status | Lost status | Source of classification or shelving scheme | Damaged status | Not for loan | Home library | Current library | Shelving location | Date acquired | Total Checkouts | Full call number | Barcode | Date last seen | Copy number | Price effective from | Koha item type |
|---|---|---|---|---|---|---|---|---|---|---|---|---|---|---|---|
| Dewey Decimal Classification | Historic collection | Historic collection | Historic collection | 17/09/2007 | MAP CABINET DRAWER 9 | 140316-2001 | 06/08/2019 | 1 | 06/08/2019 | Archive |